[Event "Niedersachsen-ch B"]
[Site "Verden"]
[Date "2010.01.03"]
[Round "1.55"]
[White "Krumschmidt, Michael"]
[Black "Boehning, Kilian"]
[Result "1-0"]
[WhiteElo "1648"]
[BlackElo "1247"]
[PlyCount "55"]
[EventDate "2010.01.??"]
[EventType "swiss"]
[EventRounds "7"]
[EventCountry "GER"]
[SourceDate "2005.10.24"]

1. d4 d5 2. c4 Nc6 3. Nf3 a6 4. cxd5 Qxd5 5. Nc3 Qd8 6. e4 Bg4 7. d5 Bxf3 8.
Qxf3 Ne5 9. Qg3 Qd6 10. Bf4 f6 11. Be2 g5 12. Bh5+ Kd8 13. Bxe5 Qxe5 14. Qd3
Nh6 15. Be2 Nf7 16. Bg4 Qd6 17. Be6 Ne5 18. Qe2 Ng6 19. g3 h5 20. O-O-O Bh6 21.
Kb1 g4 22. h3 Ne5 23. hxg4 hxg4 24. Bxg4 Nf7 25. f4 Bg7 26. Rxh8+ Bxh8 27. Qh2
Qb4 28. Qh7 1-0

[Event "Niedersachsen-ch B"]
[Site "Verden"]
[Date "2010.01.03"]
[Round "1.56"]
[White "Rosin, Julius"]
[Black "Brehm, Stefan"]
[Result "0-1"]
[WhiteElo "1247"]
[BlackElo "1640"]
[PlyCount "82"]
[EventDate "2010.01.??"]
[EventType "swiss"]
[EventRounds "7"]
[EventCountry "GER"]
[SourceDate "2005.10.24"]

1. e4 c5 2. Nc3 d6 3. f4 Nc6 4. Nf3 g6 5. g3 Bg7 6. Bg2 e6 7. O-O Nge7 8. d3
O-O 9. g4 Nd4 10. Nh4 Nec6 11. Qe1 Nxc2 12. Qg3 Nxa1 13. f5 Be5 14. Qh3 Bf6 15.
Nf3 exf5 16. exf5 Nd4 17. Ne4 Nxf3+ 18. Rxf3 d5 19. Nxf6+ Qxf6 20. Bh6 Nc2 21.
Bg5 Qg7 22. Qh4 f6 23. Bh6 Qf7 24. Bxf8 Qxf8 25. Rh3 Qg7 26. Bxd5+ Kh8 27. fxg6
Qxg6 28. Be4 Qxg4+ 29. Qxg4 Bxg4 30. Rh4 f5 31. Bxb7 Rb8 32. Bd5 Rxb2 33. h3
Be2 34. Bc4 Nb4 35. Rf4 Bxd3 36. Bxd3 Nxd3 37. Rxf5 Rxa2 38. Rd5 c4 39. Rd4 Ne5
40. Re4 Nf3+ 41. Kf1 Nd2+ 0-1

[Event "Niedersachsen-ch B"]
[Site "Verden"]
[Date "2010.01.03"]
[Round "1.57"]
[White "Bach, Jannik"]
[Black "Oelfke, Nils Lukas"]
[Result "1-0"]
[WhiteElo "1673"]
[BlackElo "1240"]
[PlyCount "55"]
[EventDate "2010.01.??"]
[EventType "swiss"]
[EventRounds "7"]
[EventCountry "GER"]
[SourceDate "2005.10.24"]

1. e4 c5 2. Nf3 Nc6 3. d4 cxd4 4. Nxd4 g6 5. c4 Bg7 6. Be3 d6 7. Nc3 Nf6 8. f3
Bd7 9. Be2 Rc8 10. Rc1 Ne5 11. b3 e6 12. O-O Bc6 13. f4 Ned7 14. Bf3 a6 15.
Nxc6 Rxc6 16. e5 dxe5 17. Bxc6 bxc6 18. fxe5 Nxe5 19. Qxd8+ Kxd8 20. Bg5 Ned7
21. Ne4 Ke7 22. Rcd1 h6 23. Rxd7+ Kxd7 24. Bxf6 Bxf6 25. Rxf6 Ke7 26. Rf1 f5
27. Nc5 e5 28. Nxa6 1-0

[Event "Niedersachsen-ch B"]
[Site "Verden"]
[Date "2010.01.03"]
[Round "1.58"]
[White "Raetzke von Stoyentin, Steffen"]
[Black "Buetow, Ingo"]
[Result "0-1"]
[WhiteElo "1240"]
[BlackElo "1789"]
[PlyCount "100"]
[EventDate "2010.01.??"]
[EventType "swiss"]
[EventRounds "7"]
[EventCountry "GER"]
[SourceDate "2005.10.24"]

1. e4 d5 2. exd5 Qxd5 3. Nc3 Qd6 4. d4 Nf6 5. g3 c6 6. Bf4 Qb4 7. Rb1 Nd5 8.
Nge2 Bg4 9. Bd2 Qd6 10. Ne4 Qg6 11. Bg2 e6 12. h3 Bxe2 13. Qxe2 Nd7 14. c4 Nb4
15. Nc3 Nc2+ 16. Kf1 Nxd4 17. Qe4 Qxe4 18. Nxe4 f5 19. Nc3 Be7 20. Be3 Bf6 21.
Rd1 Nc2 22. a3 Nxe3+ 23. fxe3 Bxc3 24. bxc3 Ne5 25. e4 Nxc4 26. exf5 Ne3+ 27.
Ke2 Nxd1 28. Rxd1 exf5 29. h4 Rd8 30. Re1 Kf7 31. Kf2 Rd2+ 32. Re2 Rxe2+ 33.
Kxe2 Re8+ 34. Kd2 Re5 35. Bh3 Kf6 36. g4 fxg4 37. Bxg4 Re4 38. Bc8 b6 39. Bb7
Rxh4 40. Bxc6 g5 41. Bb5 g4 42. Ke2 Rh2+ 43. Kf1 h5 44. Kg1 Rb2 45. Be8 h4 46.
Bh5 Kg5 47. Bf7 g3 48. Bd5 h3 49. Be4 Re2 50. Bb7 Re1# 0-1

[Event "Niedersachsen-ch B"]
[Site "Verden"]
[Date "2010.01.03"]
[Round "1.59"]
[White "Schumacher, Klaus"]
[Black "Rau, Nikita"]
[Result "1-0"]
[WhiteElo "1884"]
[BlackElo "1238"]
[PlyCount "50"]
[EventDate "2010.01.??"]
[EventType "swiss"]
[EventRounds "7"]
[EventCountry "GER"]
[SourceDate "2005.10.24"]

1. e4 e5 2. Nf3 d6 3. d4 exd4 4. Nxd4 Nf6 5. Bd3 Be7 6. O-O O-O 7. Nc3 Bd7 8.
Nd5 Nc6 9. Nxc6 Bxc6 10. c3 Bxd5 11. exd5 Qd7 12. c4 Ng4 13. Qc2 g6 14. f4 Bf6
15. Rb1 Rfe8 16. Bd2 Bd4+ 17. Kh1 Nf2+ 18. Rxf2 Bxf2 19. f5 Be3 20. fxg6 hxg6
21. Bc3 Bg5 22. Bxg6 Qe7 23. Rf1 f6 24. Bxe8 Rxe8 25. Qg6+ Qg7 1-0

[Event "Niedersachsen-ch B"]
[Site "Verden"]
[Date "2010.01.03"]
[Round "1.60"]
[White "Koch, Yannick"]
[Black "Schneider, Waldemar"]
[Result "0-1"]
[WhiteElo "1176"]
[BlackElo "1602"]
[PlyCount "128"]
[EventDate "2010.01.??"]
[EventType "swiss"]
[EventRounds "7"]
[EventCountry "GER"]
[SourceDate "2005.10.24"]

1. d4 Nf6 2. Nf3 d6 3. c4 g6 4. Nc3 Bg7 5. e4 O-O 6. Be2 e5 7. dxe5 dxe5 8.
Qxd8 Rxd8 9. O-O c6 10. h3 Nbd7 11. Be3 Nh5 12. Rfd1 Re8 13. Rd2 Nf4 14. Rad1
Nxe2+ 15. Nxe2 Nf8 16. Rd8 Be6 17. Rxa8 Rxa8 18. b3 h6 19. Nc3 {(=)} f5 20. Bc5
Nd7 21. Ba3 Kf7 22. Bd6 Bf6 23. Re1 f4 24. Ne2 g5 25. Nc1 g4 26. hxg4 Bxg4 27.
Nh2 Bh5 28. g4 Bg6 29. Nf3 h5 30. g5 Rg8 31. Kh2 Ke6 32. c5 Bh8 33. Nd3 Re8 34.
Nh4 Kf7 35. Nf5 Bg7 36. Bc7 Bf8 37. Rd1 Ke6 38. Bd6 Bxf5 39. exf5+ Kxf5 40.
Bxf8 Nxf8 41. Rg1 e4 42. Nb2 Re5 43. b4 Ng6 44. Nc4 Rd5 45. Nd6+ Ke6 46. Nxe4
Rd4 47. Nf6 Rxb4 48. Nxh5 Rb2 49. Kg2 Rxa2 50. Kf3 Ra3+ 51. Kg4 Ra4 52. Rb1
Ne5+ 53. Kh3 Kf5 54. Rxb7 Kxg5 55. Ng7 Ra3+ 56. Kg2 Kh4 57. Rb4 {(=)} Nd3 58.
Rc4 Kg5 59. Ne6+ Kf5 60. Nd4+ Ke5 61. Ne2 Kd5 62. Rc2 Ne1+ 63. Kf1 Nxc2 64.
Nxf4+ Kxc5 0-1

[Event "Niedersachsen-ch B"]
[Site "Verden"]
[Date "2010.01.03"]
[Round "1.61"]
[White "Tenninger, Joerg"]
[Black "Oleskow, Jan Christian"]
[Result "1-0"]
[WhiteElo "1566"]
[BlackElo "1157"]
[PlyCount "73"]
[EventDate "2010.01.??"]
[EventType "swiss"]
[EventRounds "7"]
[EventCountry "GER"]
[SourceDate "2005.10.24"]

1. d4 d5 2. c4 e6 3. Nc3 Nf6 4. Bg5 Be7 5. e3 O-O 6. Nf3 h6 7. Bh4 Ne4 8. Bxe7
Qxe7 9. Nxe4 dxe4 10. Nd2 f5 11. Qb3 Kh8 12. Be2 Nc6 13. O-O Qg5 14. Qc3 Qg6
15. b4 f4 16. Kh1 fxe3 17. fxe3 Bd7 18. b5 Ne7 19. Qc2 Nf5 20. Qxe4 Ne7 21. Rf3
Qxe4 22. Nxe4 c6 23. a4 Rxf3 24. Bxf3 Nf5 25. Re1 a6 26. Nc5 Be8 27. b6 Bf7 28.
a5 Rb8 29. Kg1 Nd6 30. Be2 Nf5 31. Kf2 g5 32. Bd3 Kg7 33. Ke2 h5 34. Rf1 Bg6
35. Nxe6+ Kh6 36. Bxf5 Bxf5 37. Rxf5 1-0

[Event "Niedersachsen-ch B"]
[Site "Verden"]
[Date "2010.01.03"]
[Round "1.62"]
[White "Mai, Robin"]
[Black "Pfeifer, Frank"]
[Result "0-1"]
[WhiteElo "1152"]
[BlackElo "1739"]
[PlyCount "60"]
[EventDate "2010.01.??"]
[EventType "swiss"]
[EventRounds "7"]
[EventCountry "GER"]
[SourceDate "2005.10.24"]

1. d4 Nf6 2. c4 c5 3. e3 b6 4. Nf3 g6 5. Nc3 Bg7 6. b3 O-O 7. Bb2 d6 8. Be2
Nbd7 9. Nd2 a6 10. Bf3 Rb8 11. a4 e6 12. O-O Qc7 13. Qc2 Bb7 14. Bxb7 Rxb7 15.
f4 Ng4 16. Nd1 f5 17. h3 Ngf6 18. Rf3 Rfb8 19. Nc3 cxd4 20. exd4 e5 21. fxe5
dxe5 22. dxe5 Nxe5 23. Rf2 Neg4 24. hxg4 Nxg4 25. Rf3 Qh2+ 26. Kf1 Qh1+ 27. Ke2
Qxg2+ 28. Kd1 Qg1+ 29. Ke2 Re8+ 30. Kd3 Qd4# 0-1

[Event "Niedersachsen-ch B"]
[Site "Verden"]
[Date "2010.01.03"]
[Round "1.63"]
[White "Sablotny, Juergen"]
[Black "Knobel, Dagmar"]
[Result "1-0"]
[WhiteElo "1833"]
[BlackElo "1150"]
[PlyCount "123"]
[EventDate "2010.01.??"]
[EventType "swiss"]
[EventRounds "7"]
[EventCountry "GER"]
[SourceDate "2005.10.24"]

1. Nf3 Nf6 2. c4 d5 3. e3 Bg4 4. Be2 dxc4 5. Qa4+ Nc6 6. Qxc4 e6 7. O-O Bd6 8.
d4 O-O 9. Nbd2 Na5 10. Qc2 Re8 11. a3 e5 12. dxe5 Bxe5 13. Rd1 Qe7 14. Rb1 b6
15. b4 Nb7 16. Nc4 Bd6 17. Nxd6 Nxd6 18. Bb2 Nfe4 19. Rbc1 c5 20. bxc5 Nxc5 21.
Qc3 f6 22. h3 Bh5 23. Bc4+ Nxc4 24. Qxc4+ Bf7 25. Qf4 Rad8 26. Nd4 Bd5 27. Nf5
Qf8 28. Kh2 Ne6 29. Qg3 g6 30. Bc3 Be4 31. Bb4 Nc5 32. Nd4 Qd6 33. f4 a5 34.
Bc3 Nd3 35. Nb5 Qc6 36. Rb1 Rd5 37. a4 Nc5 38. Rxd5 Bxd5 39. Bd4 Nxa4 40. h4
Be4 41. Na7 Qe6 42. Ra1 Bc6 43. Nxc6 Qxc6 44. h5 Kf7 45. hxg6+ hxg6 46. Qh4 Kg7
47. Rc1 Qd6 48. Rc7+ Re7 49. Rc8 g5 50. Qxg5+ Kh7 51. Qh5+ Kg7 52. Qh8+ (52.
Rh8 {Dh7 matt ist nicht zu verhindern.}) 52... Kg6 53. Rg8+ Kf5 54. Qh3+ Ke4
55. Qf3+ Kd3 56. Qd1+ Ke4 57. Qc2+ Kd5 58. Rh8 Nc5 59. Rh5+ Kc6 60. Rf5 Rh7+
61. Kg1 Rh6 62. Qc3 $138 1-0

[Event "Niedersachsen-ch B"]
[Site "Verden"]
[Date "2010.01.03"]
[Round "1.64"]
[White "Van den Berg, Adrianus"]
[Black "Oehne, Timo"]
[Result "0-1"]
[WhiteElo "1122"]
[BlackElo "1644"]
[PlyCount "92"]
[EventDate "2010.01.??"]
[EventType "swiss"]
[EventRounds "7"]
[EventCountry "GER"]
[SourceDate "2005.10.24"]

1. e4 c6 2. c4 g6 3. Nf3 d5 4. cxd5 cxd5 5. exd5 Qxd5 6. Nc3 Qd8 7. Bc4 Nf6 8.
d3 Bg7 9. Bg5 O-O 10. Ne4 Nxe4 11. dxe4 Bxb2 12. Bh6 Bxa1 13. Qxa1 Qa5+ 14. Nd2
e5 15. Bxf8 Kxf8 16. Qb2 Nc6 17. O-O Bd7 18. Nf3 Qc7 19. Bd5 f6 20. Rc1 Bg4 21.
Qa3+ Kg7 22. h3 Bxf3 23. Qxf3 Qb6 24. Qa3 Qc7 25. Qa4 Rc8 26. Be6 Re8 27. Bd5
Rc8 28. Be6 Rd8 29. Bd5 a6 30. Bxc6 Rc8 31. Rc4 bxc6 32. Qxa6 c5 33. a4 Rd8 34.
Qb5 Rc8 35. a5 Qc6 36. Qb3 Ra8 37. Qc3 Rc8 38. g4 Qb5 39. Kg2 h5 40. f3 Rd8 41.
Kg3 Qb1 42. Qe3 Rd3 43. Qf2 Qd1 44. Rxc5 h4+ 45. Kxh4 Rxf3 46. Rc1 g5+ 0-1

[Event "Niedersachsen-ch B"]
[Site "Verden"]
[Date "2010.01.03"]
[Round "1.65"]
[White "Kausche, Peter W"]
[Black "Guenther, Alexander"]
[Result "1-0"]
[WhiteElo "1549"]
[BlackElo "1114"]
[PlyCount "103"]
[EventDate "2010.01.??"]
[EventType "swiss"]
[EventRounds "7"]
[EventCountry "GER"]
[SourceDate "2005.10.24"]

1. g3 c5 2. c4 Nc6 3. Bg2 Nf6 4. e3 e6 5. d4 cxd4 6. exd4 d5 7. b3 Bb4+ 8. Bd2
Qa5 9. Ne2 O-O 10. O-O Rd8 11. Qc2 dxc4 12. Bxc6 bxc6 13. bxc4 Bb7 14. Nbc3 Ne4
15. f3 Nf6 16. Rab1 Rab8 17. Rb3 c5 18. a3 Bxc3 19. Bxc3 Qc7 20. Rb5 Qc6 21.
Rxc5 Qd7 22. Nf4 Qd6 23. Qe2 Rbc8 24. Rxc8 Rxc8 25. Rb1 Ba6 26. c5 Bxe2 27.
cxd6 Bxf3 28. Bb4 h6 29. Nd3 Be4 30. Rd1 Rd8 31. Ne5 Nd5 32. Nc6 Rd7 33. Bc5 f6
34. Re1 Nc3 35. Re3 Bxc6 36. Rxc3 Rb7 37. Bxa7 Rxa7 38. Rxc6 Kf8 39. Rc8+ Kf7
40. Rc7+ Rxc7 41. dxc7 Kg6 42. c8=Q Kf5 43. Qc6 Kg6 44. Qxe6 Kg5 45. h4+ Kg6
46. g4 Kh7 47. Qf5+ Kh8 48. Qg6 Kg8 49. d5 Kh8 50. d6 Kg8 51. d7 Kf8 52. d8=Q#
1-0

[Event "Niedersachsen-ch B"]
[Site "Verden"]
[Date "2010.01.03"]
[Round "1.66"]
[White "Laubrock, Paul"]
[Black "Kollars, Michael"]
[Result "0-1"]
[WhiteElo "1089"]
[BlackElo "1530"]
[PlyCount "136"]
[EventDate "2010.01.??"]
[EventType "swiss"]
[EventRounds "7"]
[EventCountry "GER"]
[SourceDate "2005.10.24"]

1. e4 c5 2. Nf3 d6 3. Bc4 e6 4. Nc3 Nc6 5. d4 cxd4 6. Nxd4 Nf6 7. Nxc6 bxc6 8.
O-O Be7 9. Be3 O-O 10. Qf3 Qc7 11. Qg3 Nh5 12. Qf3 g6 13. Bh6 Ng7 14. Rfe1 d5
15. exd5 cxd5 16. Bd3 Bb7 17. Nb5 Qd7 18. Qf4 Nh5 19. Qd4 Bf6 20. Qb4 Rfd8 21.
c3 a5 22. Qb3 Ba6 23. Rad1 Rab8 24. a4 Bg7 25. Be3 Rb7 26. g3 Nf6 27. Bf4 Nh5
28. Be3 Qe7 29. Qc2 Nf6 30. Bg5 h6 31. Bxf6 Bxf6 32. Qd2 h5 33. Nd4 Bxd3 34.
Qxd3 Qd7 35. Qc2 Rc8 36. Nb3 Qxa4 37. Ra1 Qxb3 38. Qxb3 Rxb3 39. Reb1 Rcb8 40.
Rxa5 Rxb2 41. Rxb2 Rxb2 42. Rc5 Rc2 43. Kg2 Rxc3 44. Rxc3 Bxc3 45. Kf3 f5 46.
Ke3 Kf7 47. Kd3 d4 48. Kc2 e5 49. Kd3 e4+ 50. Ke2 g5 51. Kd1 Ke6 52. Ke2 Ke5
53. Kd1 f4 54. Ke2 f3+ 55. Kd1 e3 56. fxe3 dxe3 57. h4 e2+ 58. Kc2 e1=Q 59. Kb3
gxh4 60. gxh4 f2 61. Kc4 f1=Q+ 62. Kc5 Qe3+ 63. Kc6 Qc4+ 64. Kb7 Qf7+ 65. Kc6
Qh6+ 66. Kc5 Qc7+ 67. Kb5 Qhb6+ 68. Ka4 Qca7# 0-1

[Event "Niedersachsen-ch B"]
[Site "Verden"]
[Date "2010.01.03"]
[Round "1.67"]
[White "Knobel, Hannah Bettina"]
[Black "Genath, Maren"]
[Result "1-0"]
[WhiteElo "1482"]
[BlackElo "1084"]
[PlyCount "59"]
[EventDate "2010.01.??"]
[EventType "swiss"]
[EventRounds "7"]
[EventCountry "GER"]
[SourceDate "2005.10.24"]

1. d4 d5 2. Nf3 Nf6 3. c4 Nc6 4. Bg5 e6 5. Nc3 Be7 6. e3 Qd6 7. cxd5 Nxd5 8.
Nxd5 Bxg5 9. Nxg5 Qxd5 10. Nf3 Qa5+ 11. Nd2 e5 12. dxe5 Nxe5 13. Be2 O-O 14.
Qc2 Rd8 15. a3 Be6 16. Rd1 Rd7 {(=)} 17. O-O Rad8 18. Nf3 Bg4 19. Nxe5 Bxe2 20.
Nxd7 Bxf1 21. Nf6+ gxf6 22. Rxd8+ Kg7 23. Kxf1 c6 24. Qd2 Qe5 25. Qe2 f5 26.
Qd2 Qb5+ 27. Ke1 Qb3 28. Qd4+ f6 29. Rd6 Qf7 30. Rd7 1-0

[Event "Niedersachsen-ch B"]
[Site "Verden"]
[Date "2010.01.03"]
[Round "1.68"]
[White "Grigorian, Satenik"]
[Black "Wernke Schmiesing, Sebastian"]
[Result "0-1"]
[WhiteElo "1082"]
[BlackElo "1475"]
[PlyCount "92"]
[EventDate "2010.01.??"]
[EventType "swiss"]
[EventRounds "7"]
[EventCountry "GER"]
[SourceDate "2005.10.24"]

1. d4 Nf6 2. Nf3 e6 3. e3 b6 4. Nbd2 Bb7 5. Bd3 d6 6. e4 Be7 7. Qe2 Nbd7 8. b3
O-O 9. Bb2 c5 10. e5 dxe5 11. dxe5 Nd5 12. Be4 Nf4 13. Qf1 Bxe4 14. Nxe4 Qc7
15. g3 Ng6 16. c4 Ngxe5 17. Nxe5 Nxe5 18. f4 Nc6 19. a3 Rad8 20. Qf2 Rd3 21.
Qc2 Rfd8 22. O-O Qb7 23. Rad1 Rxd1 24. Rxd1 Rxd1+ 25. Qxd1 Nd4 26. Qd3 f5 27.
Nd2 {(=)} Bf6 28. Bxd4 Bxd4+ 29. Kf1 Qh1+ 30. Ke2 Qxh2+ 31. Kd1 Qg1+ 32. Kc2
Qf2 33. Qf3 Qxf3 34. Nxf3 Bf2 35. Ng5 Bxg3 36. Nxe6 h5 37. Kd3 h4 38. Ng5 Bxf4
39. Nh3 Bh6 40. Ke2 g5 41. Kf2 Kg7 42. Kg2 Kg6 43. Nf2 g4 44. a4 Bg7 45. Kg1
Bd4 46. Kg2 Bxf2 0-1

[Event "Niedersachsen-ch B"]
[Site "Verden"]
[Date "2010.01.03"]
[Round "1.69"]
[White "Diederichs, Luise"]
[Black "Cegielka, Michael"]
[Result "1-0"]
[WhiteElo "1470"]
[BlackElo "1065"]
[PlyCount "100"]
[EventDate "2010.01.??"]
[EventType "swiss"]
[EventRounds "7"]
[EventCountry "GER"]
[SourceDate "2005.10.24"]

1. c4 e5 2. Nc3 Nf6 3. e4 Bc5 4. g3 O-O 5. Bg2 d6 6. h3 Nc6 7. d3 Be6 8. Nge2
Nd4 9. O-O h6 10. Kh2 Qd7 11. f4 exf4 12. Bxf4 b5 13. cxb5 Nxb5 14. Qd2 Nxc3
15. Nxc3 Qe7 16. e5 Nd7 17. Bxa8 Rxa8 18. exd6 cxd6 19. Ne4 d5 20. Nxc5 Nxc5
21. Rac1 Bf5 22. Bd6 Qxd6 23. Rxf5 Qg6 24. Rxd5 Ne6 25. Qg2 Rb8 26. Rd7 a5 27.
b3 Qg5 28. Rf1 Rf8 29. Qf3 Qd2+ 30. Qf2 Qxf2+ 31. Rxf2 Ng5 32. Kg2 Ne6 33. d4
Rd8 34. Rxd8+ Nxd8 35. Rc2 Kf8 36. Rc7 Ne6 37. Ra7 Nxd4 38. Rxa5 Nc6 39. Ra8+
Ke7 40. Rc8 Kd7 41. Rxc6 Kxc6 42. Kf3 Kb5 43. a4+ Ka5 44. Ke4 g6 45. Ke5 g5 46.
Kf6 h5 47. Kxg5 f5 48. Kxh5 f4 49. gxf4 Kb4 50. f5 Ka5 1-0

[Event "Niedersachsen-ch B"]
[Site "Verden"]
[Date "2010.01.03"]
[Round "1.70"]
[White "Stuppenhagen, Tim"]
[Black "Kaphle, Narendra"]
[Result "0-1"]
[WhiteElo "1036"]
[BlackElo "1466"]
[PlyCount "76"]
[EventDate "2010.01.??"]
[EventType "swiss"]
[EventRounds "7"]
[EventCountry "GER"]
[SourceDate "2005.10.24"]

1. e4 e5 2. Nf3 Nc6 3. Bc4 d6 4. b3 Be7 5. Nc3 Nf6 6. Bb2 a6 7. Ng5 O-O 8. Qe2
Nd4 9. Qd3 b5 10. Bxf7+ Rxf7 11. Nxf7 Kxf7 12. O-O-O Be6 13. Rhf1 c5 14. Ne2 c4
15. Qe3 Ng4 16. Nxd4 Nxe3 17. Nxe6 Kxe6 18. fxe3 cxb3 19. axb3 a5 20. d4 Qb6
21. Rd3 Bf6 22. g4 h6 23. d5+ Kd7 24. h4 Ke7 25. Kd2 Bxh4 26. Rc3 Bg5 27. Rf5
b4 28. Rd3 Bf6 29. c3 bxc3+ 30. Rxc3 Qb4 31. Kd3 a4 32. Rc7+ Kd8 33. Rc4 Qxb3+
34. Bc3 a3 35. Rb4 Qd1+ 36. Kc4 a2 37. Rf2 Rc8+ 38. Kb5 Qd3+ 0-1

[Event "Niedersachsen-ch B"]
[Site "Verden"]
[Date "2010.01.03"]
[Round "1.72"]
[White "Diederichs, Hannah"]
[Black "Kollars, Dmitrij"]
[Result "0-1"]
[WhiteElo "975"]
[BlackElo "1450"]
[PlyCount "84"]
[EventDate "2010.01.??"]
[EventType "swiss"]
[EventRounds "7"]
[EventCountry "GER"]
[SourceDate "2005.10.24"]

1. e4 c5 2. Bc4 e6 3. Nf3 Nc6 4. O-O d5 5. exd5 exd5 6. Bb5 Be7 7. Bxc6+ bxc6
8. Re1 Be6 9. Re2 h6 10. d3 Nf6 11. Bf4 O-O 12. Na3 Bg4 13. Re1 Bd6 14. Bxd6
Qxd6 15. h3 Bh5 16. Re3 Rfe8 17. Qe1 Bxf3 18. gxf3 Qf4 19. Qf1 Rxe3 20. fxe3
Qxe3+ 21. Kh1 Re8 22. Qg2 Re5 23. Rg1 Rg5 24. Qf1 Rxg1+ 25. Qxg1 Qxf3+ 26. Kh2
Qe2+ 27. Kh1 Qe8 28. c4 d4 29. Nc2 Qe2 30. Qc1 Qxd3 31. Ne1 Qxh3+ 32. Kg1 Ng4
33. Ng2 Qh2+ 34. Kf1 Qh1+ 35. Ke2 Qxc1 36. Kf3 f5 37. Kg3 Qf1 38. b4 Qf2+ 39.
Kh3 h5 40. b5 cxb5 41. cxb5 f4 42. b6 Qg3# 0-1

[Event "Niedersachsen-ch B"]
[Site "Verden"]
[Date "2010.01.03"]
[Round "1.73"]
[White "Boehm, Jana"]
[Black "Mildner, Ramon"]
[Result "1-0"]
[WhiteElo "1445"]
[BlackElo "919"]
[PlyCount "43"]
[EventDate "2010.01.??"]
[EventType "swiss"]
[EventRounds "7"]
[EventCountry "GER"]
[SourceDate "2005.10.24"]

1. e4 e5 2. Nf3 Nc6 3. Bb5 a6 4. Ba4 Bc5 5. O-O Nf6 6. Re1 Ng4 7. Re2 O-O 8. h3
Nxf2 9. Rxf2 Bxf2+ 10. Kxf2 Re8 11. c3 b5 12. Bc2 Re6 13. d4 exd4 14. cxd4 Ne7
15. Kg1 d6 16. d5 Nxd5 17. exd5 Re7 18. Nc3 Qe8 19. Bf4 Bb7 20. Qd3 Rd8 21.
Qxh7+ Kf8 22. Qh8# 1-0

[Event "Niedersachsen-ch B"]
[Site "Verden"]
[Date "2010.01.03"]
[Round "1.74"]
[White "Mayen, Paul"]
[Black "Petrov, Iouri"]
[Result "1/2-1/2"]
[WhiteElo "917"]
[BlackElo "1443"]
[PlyCount "54"]
[EventDate "2010.01.??"]
[EventType "swiss"]
[EventRounds "7"]
[EventCountry "GER"]
[SourceDate "2005.10.24"]

1. e4 c6 2. Nc3 d5 3. d3 e6 4. f4 dxe4 5. Nxe4 Nf6 6. Be3 Nxe4 7. dxe4 Qxd1+ {
(=)} 8. Rxd1 Bb4+ 9. c3 Ba5 10. Nf3 Bb6 11. Rd3 Bxe3 12. Rxe3 Na6 13. Bd3 Bd7
14. O-O O-O-O 15. Bxa6 bxa6 16. Ne5 Be8 17. c4 f6 18. Nd3 Bg6 19. Nc5 Rd4 20.
f5 exf5 21. exf5 Bf7 22. Re7 Bxc4 23. Rc1 Rhd8 24. Ree1 {Welcher Te1?} R8d5 25.
Re8+ Rd8 26. Rxd8+ Kxd8 27. b3 Bd5 1/2-1/2

[Event "Niedersachsen-ch B"]
[Site "Verden"]
[Date "2010.01.03"]
[Round "1.75"]
[White "Bischoff, Norbert"]
[Black "Moeller, Hannah"]
[Result "1-0"]
[WhiteElo "1741"]
[BlackElo "912"]
[PlyCount "95"]
[EventDate "2010.01.??"]
[EventType "swiss"]
[EventRounds "7"]
[EventCountry "GER"]
[SourceDate "2005.10.24"]

1. d4 d5 2. Nf3 e6 3. e3 Be7 4. Bd3 Nf6 5. O-O O-O 6. Nbd2 Nc6 7. c3 Bd7 8. e4
dxe4 9. Nxe4 Nxe4 10. Bxe4 Bd6 11. Ng5 Kh8 12. Qh5 h6 13. Nxf7+ Rxf7 14. Qxf7
Qh4 15. f4 Be8 16. Qxe6 Qd8 17. Rf3 Bd7 18. Qc4 Na5 19. Qd3 Bg4 20. Rf1 Qe8 21.
Bd2 Qh5 22. Bf3 Bxf3 23. Rxf3 Re8 24. Re1 Rxe1+ 25. Bxe1 Qe8 26. Re3 Qg8 27.
Qe2 Bf8 28. Re8 c5 29. Qe6 Qxe6 30. Rxe6 Kg8 31. dxc5 Bxc5+ 32. Kf1 Kf7 33. f5
Kf8 34. b4 Be7 35. bxa5 Ke8 36. a6 bxa6 37. Rxa6 Bc5 38. Bf2 Bxf2 39. Kxf2 Kd8
40. Rxa7 g5 41. g4 Ke8 42. Ke3 Kf8 43. Kd4 Ke8 44. Ke5 Kf8 45. Ke6 Kg8 46. Kf6
Kh8 47. Kg6 h5 48. Ra8# 1-0

[Event "Niedersachsen-ch B"]
[Site "Verden"]
[Date "2010.01.03"]
[Round "1.76"]
[White "Aden, Keno"]
[Black "Richters, Maik"]
[Result "0-1"]
[WhiteElo "899"]
[BlackElo "1424"]
[PlyCount "64"]
[EventDate "2010.01.??"]
[EventType "swiss"]
[EventRounds "7"]
[EventCountry "GER"]
[SourceDate "2005.10.24"]

1. e4 e5 2. Nf3 Nc6 3. Bc4 Bc5 4. c3 Nf6 5. d4 exd4 6. cxd4 Bb4+ 7. Nc3 Nxe4 8.
O-O Bxc3 9. bxc3 O-O 10. Qd3 d5 11. Bb3 Bf5 12. Qd1 Nxc3 13. Qe1 Nb5 14. Be3
Bd3 15. Rc1 Bxf1 16. Qxf1 Nd6 17. Bxd5 Qd7 18. Bb3 Nf5 19. Rd1 Rae8 20. Bc1 Na5
21. Bc2 Rb8 22. h3 Qd5 23. Qd3 g6 24. Bb3 Nxb3 25. axb3 c5 26. Bb2 cxd4 27.
Nxd4 Rfe8 28. Qc3 Rbc8 29. Qd3 Red8 30. Rd2 Nxd4 31. Bxd4 Qd6 32. Qe3 Rc1+ 0-1

[Event "Niedersachsen-ch B"]
[Site "Verden"]
[Date "2010.01.03"]
[Round "1.77"]
[White "Klosa, Kevin"]
[Black "Asprion, Neal"]
[Result "1-0"]
[WhiteElo "1416"]
[BlackElo "772"]
[PlyCount "23"]
[EventDate "2010.01.??"]
[EventType "swiss"]
[EventRounds "7"]
[EventCountry "GER"]
[SourceDate "2005.10.24"]

1. e4 e5 2. Nf3 d6 3. Bc4 Be6 4. Bb3 Nf6 5. Nc3 Be7 6. d4 Ng4 7. h3 f6 8. Bxe6
Nh6 9. Bxh6 gxh6 10. Nxe5 fxe5 11. Qh5+ Kf8 12. Qf7# 1-0

[Event "Niedersachsen-ch B"]
[Site "Verden"]
[Date "2010.01.03"]
[Round "2.1"]
[White "Schneider, Alexander2 (1942)"]
[Black "Renner, Kai"]
[Result "1-0"]
[WhiteElo "1953"]
[BlackElo "2191"]
[PlyCount "69"]
[EventDate "2010.01.??"]
[EventType "swiss"]
[EventRounds "7"]
[EventCountry "GER"]
[SourceDate "2005.10.24"]

1. c4 f5 2. d4 Nf6 3. Nc3 g6 4. g3 Bg7 5. Bg2 O-O 6. e3 d6 7. Nge2 Qe8 8. O-O
e5 9. dxe5 dxe5 10. Nd5 Na6 11. Nxf6+ Bxf6 12. e4 c6 13. Nc3 Be6 14. Qe2 Qf7
15. b3 Bg7 16. Ba3 Rfe8 17. Rad1 f4 18. f3 g5 19. g4 Bf8 20. Bd6 Qf6 21. Rd2
Rad8 22. Rfd1 Bc8 23. Bxe5 Qxe5 24. Rxd8 Rxd8 25. Rxd8 Bxg4 26. fxg4 Qxc3 27.
e5 Qa5 28. Rd1 Bc5+ 29. Kh1 Be3 30. e6 Nc5 31. e7 Kf7 32. Qb2 Kxe7 33. Qe5+ Kf8
34. Qxg5 Qxa2 35. Qf6+ 1-0

[Event "Niedersachsen-ch B"]
[Site "Verden"]
[Date "2010.01.03"]
[Round "2.2"]
[White "Eschholz, Enno"]
[Black "Davydov, Mihail"]
[Result "1-0"]
[WhiteElo "2198"]
[BlackElo "2061"]
[PlyCount "49"]
[EventDate "2010.01.??"]
[EventType "swiss"]
[EventRounds "7"]
[EventCountry "GER"]
[SourceDate "2005.10.24"]

1. e4 c6 2. c4 d5 3. cxd5 cxd5 4. exd5 Nf6 5. Nc3 Nxd5 6. Bc4 Nb6 7. Bb3 Nc6 8.
Nf3 Bf5 9. d4 e6 10. O-O Be7 11. Be3 O-O 12. Ne5 Qc7 13. Nb5 Qd8 14. Rc1 a6 15.
Nc3 Nb4 16. Qf3 Rb8 17. Bf4 Bd6 18. Rfd1 Qe7 19. g4 Bg6 20. a3 Nc6 21. Qe3 Rfd8
22. Bg5 f6 23. Nxg6 hxg6 24. Bxe6+ Kh7 25. Qh3# 1-0